000 00491nam 22001813 4500
001 199941
090 _a199941
100 _a20251215d u||y0pory50 ba
200 _aIniciação ao xadrez
_fAndré Chéron
205 _a
210 _aLisboa
_cEditorial O Século
_d1974
215 _a272, [6] p.
_cil. ; brochado
_d18 cm
606 _93427
_aDesporto
_xJogos
675 _a79
_vPT
_zpor
700 _915767
_aChéron
_bAndré
_f1880-1952
801 _aPT
_bBMMN
_gRPC
830 _cAna
_fAna
990 _cLIVROS